000 01338nam0a2200325 4500
001 RU\NLR\bibl\1819857
005 20250616160451.0
010 _a978-5-17-072777-3
_bАСТ
010 _a978-5-271-3439-9
_bАстрель
_92000
021 _aRU
_b2011-71603
_95080
035 _a(NLR Aleph) 001810424
090 _a1863744
_c1863744
100 _a20111013d2011 |||y0rusy50 ca
101 1 _arus
_ceng
102 _aRU
105 _aa |||||||||
200 1 _a1000 и одна причина бросить курить
_fБилл Додс
_g[пер. с англ. А. Банкрашкова]
210 _aМосква
_cАСТ
_cАстрель
_d2011
215 _a255 с.
_d14
300 _aНа обл. авт. не указан
300 _aРанее кн. выходила под назв. "1440 причин бросить курить"
451 0 _12001#$a1440 причин бросить курить
_1700#1$aДодс$bБ.$gБилл$4070
_t1440 причин бросить курить
_aДодс, Билл
606 1 _aКурение
_jПопулярные издания
_xБорьба с ним
_91414111
_3RU\NLR\auth\66596172
686 _aР120.482.2я9
700 1 _aДодс
_bБ.
_gБилл
_4070
801 0 _aRU
_bNLR
_c20111013
_gRCR
801 1 _aRU
_bNLR
_c20111013
942 _cBOOK
980 _aNB